000 00400nam a2200181Ia 4500
005 20251020182550.0
008 200515s9999 xx 000 0 und d
082 _aR/058:69(85)/C22/1977
110 _aCAPECO
245 0 _aAnuarium 77 de la construcción
260 _aLima
260 _c1977
300 _a732
650 _aANUARIUM
650 _aCONSTRUCCION
650 _aLIB
942 _cLIB
999 _c2709
_d2709